Financie v praxi a sociálne siete

Salvato in:
Dettagli Bibliografici
Autore principale: Hrvoľová, Božena
Altri autori: Polednáková, Anna, 1957-, Nagy, Ladislav, Bikár, Miloš, 1973-, Vavrová, Katarína, 1960-
Natura: Libro
Lingua:slovacco
Pubblicazione: České Budějovice Vysoká škola evropských a regionálních studií 2019
Edizione:1. vydanie
Soggetti:
Tags: Aggiungi Tag
Nessun Tag, puoi essere il primo ad aggiungerne!!

MARC

LEADER 00000nam a2200000 4500
001 0259532
005 20240502083739.4
020 |a 978-80-7556-047-6 
041 0 |a slo 
044 |a CZ 
245 1 0 |a Financie v praxi a sociálne siete  |c Božena Hrvoľová, Anna Polednáková, Ladislav Nagy ; recenzenti: Miloš Bikár, Katarína Vavrová 
250 |a 1. vydanie 
264 1 |a České Budějovice  |b Vysoká škola evropských a regionálních studií  |c 2019 
300 |a [157 s.] [7,50 AH] 
610 2 0 |a financie 
610 2 0 |a siete sociálne 
610 2 0 |a riadenie finančné 
610 2 0 |a analýza finančná 
610 2 0 |a plánovanie finančné 
610 2 0 |a projekty investičné 
610 2 0 |a investície finančné 
100 1 |a Hrvoľová, Božena 
700 1 |a Polednáková, Anna, 1957- 
700 1 |a Nagy, Ladislav 
700 1 |a Bikár, Miloš, 1973- 
700 1 |a Vavrová, Katarína, 1960-